Aerobic pro juniory a pro všechny, kteří se cítí také tak

Main Author: Studničková Šípková, Olga, 1969-
Language: Czech
Published: Praha : Sony Music Bonton, c1999
Series: Edice Nova
Physical Description: 1 videokazeta : VHS, PAL, h-fi stereo.
Slide
Saved in:
LEADER 00761ngm a2200229 a 4500
001 000549282
003 CZ BrMZK
005 20070627124916.0
008 000101s1999 xr f cze d
040 |a BOA001  |b cze 
072 7 |a 796  |x Sport. Hry. Tělesná cvičení  |2 Konspekt  |9 20 
080 |a 796.41.015.572  |2 MRF 
080 |a (086.84)  |2 MRF 
100 1 |a Studničková Šípková, Olga,  |d 1969-  |7 jn20000402955 
245 1 0 |a Aerobic pro juniory a pro všechny, kteří se cítí také tak  |h [videozáznam] /  |c Olga Šípková. 
260 |a Praha :  |b Sony Music Bonton,  |c c1999 
300 |a 1 videokazeta :  |b VHS, PAL, h-fi stereo. 
490 1 |a Edice Nova 
655 7 |a videokazety  |7 fd224121  |2 czenas 
830 0 |a Edice Nova 
910 |a BOA001  |b VID-1082.124 
990 |a VI